000 01405nam a2200229Ia 4500
003 Ost
005 20260507075646.0
008 260507s9999||||xx |||||||||||||| ||und||
020 _a×020422977
040 _cfsecg
041 _aara
082 _a341.75
100 _aأحمد، عبد الرحمن يسري
_eمؤلف
245 0 _aالإقتصاديات الدولية /
_c عبد الرحمن يسري أحمد
260 _aالإسكندرية:
_bالدار الجامعية,
_c2007
300 _a362 صفحة؛
_bإيضاحات ؛
_c24 سم
520 _aالإقتصاديات الدولية طبيعة التحليل والمشكلات- نظرية التجارة الدولية- تحديد معدل التبادل الدولي- تفسير التجارة الدولية في ظروف مختلفة- النمو الإقتصادي والتجارة الدولية- السياسة التجارية- ميزان المدفوعات الدولية- سعر الصرف- المعاملات الإقتصادية الخارجية والدخل القومي- عصر جديد للعلاقات الإقتصادية العالمية- التجارة والعلاقات الإقتصادية بين البلدان الإسلامية المعاصرة.
653 _aالإقتصاد الدولي
653 _aالتجارة الدولية
653 _aالسياسة الإقتصادية
942 _cكتاب
999 _c45489
_d45489